| 000 | 01006cam a2200277 a 4500 | ||
|---|---|---|---|
| 001 | 1174 | ||
| 005 | 20230821150028.0 | ||
| 008 | 880817s1988 nyu j 000 1 eng | ||
| 020 | _a0399217126 : | ||
| 040 |
_aDLC _cDLC _dDLC _beng |
||
| 050 | 0 | 0 |
_aPZ7.S6318 _bBr 1988 |
| 082 | 0 | 0 |
_a[Fic] _219 |
| 100 | 1 | _aSlepian, Jan | |
| 245 | 1 | 4 |
_aThe Broccoli tapes / _cJan Slepian. |
| 260 |
_aNew York : _bPhilomel Books, _c1988. |
||
| 300 |
_a157 pages ; _c20 cm _bIllustrations ; |
||
| 505 | _aO | ||
| 520 | _aDuring a stay of several months in Hawaii with her family, Sara reports her experiences by tape back to her sixthgrade class in Boston, detailing her "adoption" of a wild cat, a friendship with a troubled Hawaiian boy, and the death of a beloved grandmother. | ||
| 521 |
_a630
_bLexile |
||
| 521 |
_aO
_bRaz-plus |
||
| 650 | 1 |
_aCats _xFiction. |
|
| 650 | 1 |
_aDeath _xFiction. |
|
| 650 | 1 |
_aSiblings _xFiction. |
|
| 906 |
_a7 _bcbc _corignew _d1 _eocip _f19 _gy-gencatlg |
||
| 942 |
_2ddc _cBK _n0 |
||
| 999 |
_c1174 _d1174 |
||